00515nam a2200133Ia 4500008004100000100002000041245014700061245003800208260005300246260000900299300001100308650001500319856004700334170221s9999 xx 000 0 und d aVilani Sachitra aRelationships between Institutional Capital, Dynamic Capabilities and Competitive Advantage: Empirical Examination of the Agribusiness Sector  cVilani Sachitra, Siong-Choy Chong bInternational Review of Management and Marketing c2016 a15 : 2 xMarketing. uhttp://www.econjournals.com/index.php/irmm